Диссертация кандидата Дерптского университета Ю.Е. фон Лиса. На немецком языке

Доступно только в Электронных читальных залах Найти на картеНа карте
RUSMARC
00003700nmc2a2200000 x 450
00133f1c088-8e12-473c-b8d3-b229fc273d73
00520170414202706.0
100##$a20140617l18561861k l0rusy0189 ca
1010#$ager
102##$aRU
2001#$aДиссертация кандидата Дерптского университета Ю.Е. фон Лиса. На немецком языке
$j1856-1861 гг.
251##$cДело
300##$aДело
801#0$aRU
$bРГИА
$c20140617
$gRCR
801#1$aRU
$bГлавНИВЦ
$c20140617
$2rusmarc
801#2$aRU
$bПБ им. Б.Н. Ельцина
$c20170414
$gRCR
$2rusmarc
850##$aРГИА
852##$aРГИА
$eФедеральное казенное учреждение "Российский государственный исторический архив" (РГИА)
$j569
937##$hРГИА
$d11175942
$aASBIBLIO_SCAN
462#0$1001fe4edb2a-8658-4269-9710-afcb460e1db3
$12001
$aДела Департамента народного просвещения по Дерптскому учебному округу за 1837-1862 гг.
$1251
$cОпись
$1852
$j57
461#0$1001a74412a3-3cc5-4d21-8f0a-dfe2fbd9e72d
$12001
$aДепартамент народного просвещения Министерства народного просвещения (1803-1917)
$1251
$cФонд
$1852
$j733
215##$a83 л.
$d36,5х26 см
371##$aДокумент не является опубликованным и широко распространяемым
105##$ay###
1222#$ad
035##$a33f1c088-8e12-473c-b8d3-b229fc273d73
856##$uhttp://readingroom.main.prlib.ru/item.aspx?id_node=n97010529&mode=full
Формат отображения